000 00396nam a2200157Ia 4500
008 160316s1976 xxu||||| |||| 00| 0 eng d
082 _a0.000000
_b
100 _a
245 _aEuropean convention on the legal atatus of children born out of wedlock : No 85
250 _a
260 _aStrasbourg
_bCouncil of Europe
_c1976
300 _a9p
_b
_c
365 _b
650 _a
700 _a
_a
999 _c18652
_d18652